[Event "BCF-chT2a 1617 (4NCL)"]
[Site "England"]
[Date "2017.03.04"]
[Round "7.23"]
[White "Stewart, Joseph"]
[Black "Grant, David J"]
[Result "1/2-1/2"]
[WhiteElo "2146"]
[BlackElo "2091"]
[PlyCount "68"]
[EventDate "2016.11.19"]
[EventType "team-tourn"]
[EventRounds "11"]
[EventCountry "ENG"]
[SourceTitle "EXT 2019"]
[Source "ChessBase"]
[SourceDate "2018.10.10"]
[SourceVersion "1"]
[SourceVersionDate "2018.10.10"]
[SourceQuality "1"]
[WhiteTeam "West is Best"]
[BlackTeam "Sussex Martlets"]
[WhiteTeamCountry "ENG"]
[BlackTeamCountry "ENG"]

1. e4 c5 2. Nf3 d6 3. d4 cxd4 4. Nxd4 Nf6 5. Nc3 Nc6 6. Be2 e5 7. Nf3 h6 8. h3 Be6 9. Be3 Be7 10. 0-0 0-0 11. a3 Rc8 12. Re1 Qd7 13. Bf1 Nh7 14. Nd5 Bd8 15. c4 f5 16. exf5 Bxf5 17. b4 b6 18. Rc1 Nf6 19. Be2 Ne7 20. Nxf6+ Rxf6 21. Nd2 Ng6 22. Bg4 Nh4 23. g3 Rg6 24. Bh5 Qb7 25. Nf3 Nxf3+ 26. Bxf3 Qd7 27. Bh5 Rf6 28. h4 Be7 29. Bf3 Rcf8 30. Qd5+ Be6 31. Bg4 Bxd5 32. Bxd7 Bb7 33. Bg4 Rg6 34. Bh5 Rgf6 1/2-1/2

[Event "BCF-chT3Sc 1516 (4NCL)"]
[Site "England"]
[Date "2016.04.30"]
[Round "9.58"]
[White "Stewart, Joseph"]
[Black "Okhai, Shabir"]
[Result "1/2-1/2"]
[WhiteElo "2181"]
[BlackElo "2047"]
[PlyCount "94"]
[EventDate "2016.03.20"]
[EventType "team-swiss"]
[EventRounds "11"]
[EventCountry "ENG"]
[SourceTitle "EXT 2017"]
[Source "ChessBase"]
[SourceDate "2016.10.25"]
[SourceVersion "1"]
[SourceVersionDate "2016.10.25"]
[SourceQuality "1"]
[WhiteTeam "West is Best"]
[BlackTeam "Fermented Sharks"]
[WhiteTeamCountry "ENG"]
[BlackTeamCountry "ENG"]

1. e4 e5 2. Nf3 Nc6 3. Bb5 a6 4. Bxc6 dxc6 5. d4 exd4 6. Qxd4 Qxd4 7. Nxd4 Bd7 8. Nc3 0-0-0 9. Be3 Ne7 10. 0-0-0 Ng6 11. f3 Bd6 12. g3 Rhe8 13. Rhe1 f6 14. Bg1 Ne5 15. f4 Nc4 16. a3 Bg4 17. Rd3 Bf8 18. Nb3 b6 19. Rxd8+ Kxd8 20. Nd2 Nxd2 21. Kxd2 Bd6 22. Bd4 c5 23. Bf2 h5 24. h4 Kd7 25. a4 Kc6 26. Kc1 g5 27. hxg5 fxg5 28. e5 Be7 29. Nd1 Rf8 30. Be3 h4 31. gxh4 gxf4 32. Bf2 Rh8 33. Re4 Bxh4 34. Bxh4 Bxd1 35. Rxf4 Bh5 36. e6 Be8 37. e7 Kd6 38. Kd2 Rh7 39. Ke3 Kd7 40. b3 Rf7 41. Rg4 a5 42. Rg2 Rh7 43. Bg5 c4 44. Rd2+ Ke6 45. Rd8 Kf7 46. bxc4 Rh3+ 47. Kd2 Rh5 1/2-1/2

[Event "BCF-chT3Sa 1516 (4NCL)"]
[Site "England"]
[Date "2016.01.16"]
[Round "3.67"]
[White "Wallis, Ian J"]
[Black "Stewart, Joseph"]
[Result "1-0"]
[WhiteElo "2117"]
[BlackElo "2181"]
[PlyCount "85"]
[EventDate "2015.11.14"]
[EventType "team-swiss"]
[EventRounds "7"]
[EventCountry "ENG"]
[SourceTitle "CBM 170 Extra"]
[Source "ChessBase"]
[SourceDate "2016.02.25"]
[SourceVersion "1"]
[SourceVersionDate "2016.02.25"]
[SourceQuality "1"]
[WhiteTeam "Anglian Avengers II"]
[BlackTeam "West is Best"]
[WhiteTeamCountry "ENG"]
[BlackTeamCountry "ENG"]

1. e4 c5 2. Nf3 d6 3. d4 cxd4 4. Nxd4 Nf6 5. Nc3 a6 6. Bg5 Nbd7 7. Qe2 e5 8. Nf5 h6 9. Bh4 g6 10. Ne3 g5 11. Bg3 b5 12. 0-0-0 Bb7 13. Nf5 Qc7 14. h4 Rg8 15. hxg5 hxg5 16. f3 0-0-0 17. Bf2 Nc5 18. Ne3 Be7 19. Qd2 Qa5 20. Kb1 Ne6 21. Nf5 Bf8 22. Be3 b4 23. Nd5 Nxd5 24. exd5 Nf4 25. Bc4 Qa4 26. g3 Qd7 27. Nh6 Rg6 28. gxf4 exf4 29. Bb6 Bxh6 30. Bxd8 Kxd8 31. Qxb4 f5 32. Rhe1 Bf8 33. Qb6+ Kc8 34. Bxa6 Bxa6 35. Qxa6+ Kd8 36. Qa8+ Qc8 37. Re8+ Kxe8 38. Qxc8+ Kf7 39. Qxf5+ Kg7 40. Re1 g4 41. fxg4 Rf6 42. Qg5+ Kf7 43. Re6 1-0

[Event "BCF-chT3Sa 1516 (4NCL)"]
[Site "England"]
[Date "2015.11.14"]
[Round "1.57"]
[White "Kirby, Peter J"]
[Black "Stewart, Joseph"]
[Result "1-0"]
[WhiteElo "1995"]
[BlackElo "2189"]
[PlyCount "82"]
[EventDate "2015.11.14"]
[EventType "team-swiss"]
[EventRounds "7"]
[EventCountry "ENG"]
[SourceTitle "CBM 169 Extra"]
[Source "ChessBase"]
[SourceDate "2015.12.18"]
[SourceVersion "1"]
[SourceVersionDate "2015.12.18"]
[SourceQuality "1"]

1. c4 g6 2. g3 Bg7 3. Bg2 Nc6 4. Nc3 e5 5. e4 Nge7 6. Nge2 d6 7. 0-0 Be6 8. d3 Qd7 9. Nd5 h6 10. Be3 0-0 11. Bxh6 f6 12. Be3 Kf7 13. f4 Rh8 14. Rf2 Ng8 15. f5 gxf5 16. exf5 Bxf5 17. Nxc7 Rf8 18. Nd5 Bh3 19. Bxh3 Qxh3 20. Qf1 Qh5 21. Nec3 Ke6 22. Qe2 Qg6 23. Bxa7 Kd7 24. Bb6 Nh6 25. Re1 f5 26. Rg2 Ng4 27. Ne3 Nh6 28. Ncd5 Nf7 29. b4 Ng5 30. b5 Nd8 31. Bxd8 Kxd8 32. Rf1 e4 33. Qd2 Nf3+ 34. Rxf3 exf3 35. Qa5+ Ke8 36. Qa8+ Kf7 37. Qxb7+ Kg8 38. Ne7+ Kh7 39. Nxg6 Kxg6 40. Qxf3 Bd4 41. Re2 f4 1-0

[Event "BCF-chT3S 1415 (4NCL)"]
[Site "England"]
[Date "2015.01.11"]
[Round "4.55"]
[White "Stewart, Joseph"]
[Black "Compton, Alistair"]
[Result "1/2-1/2"]
[WhiteElo "2201"]
[BlackElo "2084"]
[PlyCount "156"]
[EventDate "2014.11.15"]
[EventType "team-swiss"]
[EventRounds "6"]
[EventCountry "ENG"]
[SourceTitle "EXT 2016"]
[Source "ChessBase"]
[SourceDate "2015.10.08"]
[SourceVersion "1"]
[SourceVersionDate "2015.10.08"]
[SourceQuality "1"]
[WhiteTeam "West is Best"]
[BlackTeam "The Rookies"]
[WhiteTeamCountry "ENG"]
[BlackTeamCountry "ENG"]

1. e4 e6 2. d4 d5 3. exd5 exd5 4. Bd3 Nf6 5. Nf3 c5 6. c3 c4 7. Bc2 Bd6 8. Bg5 0-0 9. 0-0 Nc6 10. Nbd2 h6 11. Bh4 Bg4 12. Re1 g5 13. Bg3 Bxg3 14. fxg3 Qd6 15. h3 Be6 16. Ne5 Nxe5 17. dxe5 Qb6+ 18. Kh1 Nd7 19. Rb1 Rae8 20. Qh5 Kg7 21. Re2 Re7 22. Nf3 f5 23. exf6+ Rxf6 24. Nd4 Kf8 25. Bg6 Rg7 26. Rxe6 Rxe6 27. Nxe6+ Qxe6 28. Rf1+ Ke7 29. Bf5 Qf6 30. Qe2+ Qe5 31. Qf2 Kd8 32. Qxa7 Rf7 33. g4 Kc7 34. Rd1 Nb6 35. Qa5 Rf6 36. Qc5+ Kb8 37. Qf2 h5 38. Re1 Qd6 39. gxh5 d4 40. Re8+ Ka7 41. cxd4 Nd5 42. Re5 Nf4 43. d5+ b6 44. Qd4 Nxh5 45. Qe3 Rxf5 46. Rxf5 Ng3+ 47. Kg1 Nxf5 48. Qxg5 Qxd5 49. Qf6 Qe4 50. Qd8 Qe1+ 51. Kh2 Qg3+ 52. Kg1 Qe3+ 53. Kh2 Qd3 54. Qc7+ Ka6 55. Qc8+ Kb5 56. Qe8+ Kc5 57. Qc8+ Kb4 58. Qf8+ Qd6+ 59. Qxd6+ Nxd6 60. g4 Kc5 61. g5 Kd5 62. Kg3 Ke5 63. Kf3 Nf5 64. Ke2 Nd4+ 65. Kd2 Nf3+ 66. Kc3 Nxg5 67. Kxc4 Nxh3 68. Kb5 Kd5 69. Kxb6 Nf4 70. a4 Nd3 71. b3 Nb4 72. Kb5 Nc6 73. a5 Kd6 74. Kb6 Kd7 75. a6 Kd6 76. b4 Nxb4 77. a7 Nd5+ 78. Kb7 Nc7 1/2-1/2

[Event "4NCL-ch rapid"]
[Site "Daventry"]
[Date "2014.10.05"]
[Round "5.2"]
[White "Stewart, Joseph"]
[Black "Rendle, Thomas E"]
[Result "0-1"]
[WhiteElo "2200"]
[BlackElo "2383"]
[PlyCount "126"]
[EventDate "2014.10.05"]
[EventType "swiss (rapid)"]
[EventRounds "7"]
[EventCountry "ENG"]
[SourceTitle "CBM 162 Extra"]
[Source "ChessBase"]
[SourceDate "2014.10.17"]
[SourceVersion "1"]
[SourceVersionDate "2014.10.17"]
[SourceQuality "1"]

1. e4 c5 2. Nf3 Nc6 3. Nc3 e5 4. g3 g6 5. Bg2 Bg7 6. 0-0 Nge7 7. Ne1 0-0 8. d3 d6 9. f4 Nd4 10. Ne2 Rb8 11. c3 Nxe2+ 12. Qxe2 f5 13. Nf3 b6 14. Nh4 Be6 15. exf5 gxf5 16. Nf3 Ng6 17. Ng5 Qf6 18. Qh5 h6 19. Nxe6 Qxe6 20. fxe5 Nxe5 21. Bh3 Ng4 22. Bf4 Rbe8 23. Bxg4 fxg4 24. Rf2 d5 25. Raf1 Qf5 26. Qxf5 Rxf5 27. Bd6 Rxf2 28. Rxf2 Re3 29. Rd2 Rf3 30. Bb8 a6 31. Bc7 b5 32. Bb6 b4 33. cxb4 cxb4 34. Bc5 a5 35. b3 Bc3 36. Rd1 Rf6 37. Be3 Re6 38. Kf2 Ra6 39. Bd2 d4 40. Bf4 a4 41. Rb1 Kh7 42. Kg2 Kg6 43. h4 gxh3+ 44. Kxh3 Re6 45. bxa4 Ra6 46. Bc7 Rxa4 47. Bd6 Rxa2 48. Bxb4 Rd2 49. Bc5 Rxd3 50. Rc1 Kf5 51. Bxd4 Bxd4 52. Rc2 Be5 53. Rf2+ Kg5 54. Rf1 Rxg3+ 55. Kh2 Rb3+ 56. Kg2 Bf4 57. Rf3 Rb4 58. Rf2 Kg4 59. Rc2 Rb3 60. Rc6 Rb2+ 61. Kh1 Kh3 62. Rc3+ Bg3 63. Rc1 Rh2+ 0-1

[Event "BCF-chT3 1314 (4NCL)"]
[Site "England"]
[Date "2014.03.22"]
[Round "7.255"]
[White "Turner, John M"]
[Black "Stewart, Joseph"]
[Result "0-1"]
[WhiteElo "2029"]
[BlackElo "2196"]
[PlyCount "80"]
[EventDate "2013.11.16"]
[EventType "team-swiss"]
[EventRounds "11"]
[EventCountry "ENG"]
[SourceTitle "EXT 2015"]
[Source "ChessBase"]
[SourceDate "2014.11.20"]
[SourceVersion "1"]
[SourceVersionDate "2014.11.20"]
[SourceQuality "1"]
[WhiteTeam "Holmes Chapel"]
[BlackTeam "Gloucestershire Gambits"]
[WhiteTeamCountry "ENG"]
[BlackTeamCountry "ENG"]

1. e4 c5 2. Nc3 Nc6 3. Bb5 Nd4 4. Bc4 e6 5. Nf3 a6 6. d3 b5 7. Bb3 Nxb3 8. axb3 Bb7 9. 0-0 Rc8 10. Bf4 d6 11. Re1 Nf6 12. e5 dxe5 13. Nxe5 Be7 14. Bg3 0-0 15. Qe2 Qd4 16. h3 h6 17. Nf3 Qd8 18. Ne5 Nd7 19. Nxd7 Qxd7 20. Rad1 Rfd8 21. Be5 Bf8 22. f3 f6 23. Bg3 e5 24. f4 Qd4+ 25. Qf2 exf4 26. Bxf4 Qxf2+ 27. Kxf2 Kf7 28. Kf1 g5 29. Bg3 f5 30. Be5 Rd7 31. Rd2 Re8 32. Rde2 Rde7 33. g3 Kg6 34. Kf2 Kf7 35. Kf1 Re6 36. Kf2 Bc6 37. Kf1 Be7 38. Kf2 Bd8 39. Kf1 Bb6 40. Nd1 Bf3 0-1

[Event "BCF-chT3 1213 (4NCL)"]
[Site "England"]
[Date "2013.03.23"]
[Round "7.185"]
[White "Morris, Gareth"]
[Black "Stewart, Joseph"]
[Result "1/2-1/2"]
[WhiteElo "2091"]
[BlackElo "2151"]
[PlyCount "106"]
[EventDate "2012.11.03"]
[EventType "team-swiss"]
[EventRounds "11"]
[EventCountry "ENG"]
[SourceTitle "EXT 2014"]
[Source "ChessBase"]
[SourceDate "2013.11.20"]
[SourceVersion "1"]
[SourceVersionDate "2013.11.20"]
[SourceQuality "1"]
[WhiteTeam "Rhyfelwyr Essyllwg II"]
[BlackTeam "Gloucestershire Gambits"]
[WhiteTeamCountry "ENG"]
[BlackTeamCountry "ENG"]

1. d4 g6 2. c4 Bg7 3. e4 d6 4. Nc3 Nc6 5. d5 Nd4 6. Be3 e5 7. Nge2 Nxe2 8. Bxe2 f5 9. exf5 Bxf5 10. Qd2 Nf6 11. f3 0-0 12. g4 Bd7 13. 0-0-0 e4 14. Nxe4 Nxe4 15. fxe4 Qe7 16. h3 Qxe4 17. Bd3 Qe5 18. Rde1 Rfe8 19. Re2 Qg3 20. Bf4 Rxe2 21. Bxe2 Qg2 22. Rh2 Qg1+ 23. Qd1 Qxd1+ 24. Bxd1 Rf8 25. Be3 b6 26. Rf2 Re8 27. Bd2 Bd4 28. Re2 Be5 29. Bh6 Rc8 30. Bc2 c6 31. Be4 b5 32. b3 bxc4 33. bxc4 c5 34. Rf2 Re8 35. Bd3 Bd4 36. Rf3 Be5 37. Bc2 Rb8 38. Rb3 Rxb3 39. axb3 Kf7 40. Kd1 Kf6 41. Ke2 Bh2 42. Kf3 Be5 43. h4 Be8 44. Bg5+ Kg7 45. Bd2 h6 46. Be1 Bd7 47. h5 g5 48. Ba5 Kf7 49. Bc7 Bf4 50. Bb8 a6 51. Bc7 Ke7 52. Ba5 Be5 53. Bd2 Bb2 1/2-1/2

[Event "BCF-chT3S 1213 (4NCL)"]
[Site "England"]
[Date "2012.11.04"]
[Round "2.125"]
[White "Stewart, Joseph"]
[Black "Myall, Ivan J"]
[Result "1-0"]
[WhiteElo "2151"]
[BlackElo "2092"]
[PlyCount "97"]
[EventDate "2012.11.03"]
[EventType "team-swiss"]
[EventRounds "6"]
[EventCountry "ENG"]
[SourceTitle "EXT 2014"]
[Source "ChessBase"]
[SourceDate "2013.11.20"]
[SourceVersion "1"]
[SourceVersionDate "2013.11.20"]
[SourceQuality "1"]
[WhiteTeam "Gloucestershire Gambits"]
[BlackTeam "Anglian Avengers II"]
[WhiteTeamCountry "ENG"]
[BlackTeamCountry "ENG"]

1. e4 e5 2. Nf3 Nc6 3. Bb5 Bc5 4. 0-0 Nd4 5. Nxd4 Bxd4 6. Nc3 c6 7. Bc4 Nf6 8. d3 d6 9. Ne2 Bb6 10. Be3 0-0 11. Bb3 d5 12. exd5 Nxd5 13. Bxb6 Qxb6 14. Re1 Kh8 15. d4 f6 16. Qd2 Ne7 17. dxe5 fxe5 18. Ng3 Ng6 19. Qe3 Bf5 20. Qxb6 axb6 21. Rad1 Rae8 22. Nxf5 Rxf5 23. Rd7 Ref8 24. f3 Rg5 25. Red1 h5 26. Rd8 Kh7 27. Rxf8 Nxf8 28. Rd8 Rf5 29. c3 Rf6 30. Rb8 h4 31. h3 Kh6 32. Rxb7 Ng6 33. Rxb6 Nf4 34. Ba4 Kg5 35. Rxc6 Rf8 36. Rd6 Rb8 37. Rd2 Rb6 38. Kf2 Nh5 39. c4 Ng3 40. c5 Rb4 41. b3 e4 42. Rd7 Kf4 43. Rf7+ Nf5 44. c6 e3+ 45. Ke2 Rd4 46. Rxf5+ Kxf5 47. c7 Rd2+ 48. Kxe3 Rc2 49. c8Q+ 1-0

[Event "BCF-chT3S 1213 (4NCL)"]
[Site "England"]
[Date "2012.11.03"]
[Round "1.135"]
[White "Terry, Sean"]
[Black "Stewart, Joseph"]
[Result "0-1"]
[WhiteElo "1881"]
[BlackElo "2151"]
[PlyCount "40"]
[EventDate "2012.11.03"]
[EventType "team-swiss"]
[EventRounds "6"]
[EventCountry "ENG"]
[SourceTitle "EXT 2014"]
[Source "ChessBase"]
[SourceDate "2013.11.20"]
[SourceVersion "1"]
[SourceVersionDate "2013.11.20"]
[SourceQuality "1"]
[WhiteTeam "Oxford III"]
[BlackTeam "Gloucestershire Gambits"]
[WhiteTeamCountry "ENG"]
[BlackTeamCountry "ENG"]

1. e4 c5 2. Nf3 d6 3. c3 Nf6 4. Bd3 Nc6 5. h3 e5 6. Bc2 d5 7. d3 d4 8. Ba4 Bd6 9. Bxc6+ bxc6 10. 0-0 0-0 11. Nh2 c4 12. cxd4 cxd3 13. f4 Qb6 14. Qxd3 Ba6 15. Qd1 Bxf1 16. Kxf1 Nxe4 17. fxe5 Bxe5 18. Nf3 Bf6 19. Nc3 Ng3+ 20. Kf2 Nf5 0-1

[Event "BCF-chTa 1112 (4NCL)"]
[Site "England"]
[Date "2012.01.15"]
[Round "4.46"]
[White "Stewart, Joseph"]
[Black "Berry, Neil"]
[Result "1/2-1/2"]
[WhiteElo "2101"]
[BlackElo "2308"]
[PlyCount "59"]
[EventDate "2011.11.12"]
[EventType "team-tourn"]
[EventRounds "7"]
[EventCountry "ENG"]
[SourceTitle "EXT 2013"]
[Source "ChessBase"]
[SourceDate "2012.11.22"]
[SourceVersion "1"]
[SourceVersionDate "2012.11.22"]
[SourceQuality "1"]
[WhiteTeam "Bristol"]
[BlackTeam "Barbican II"]
[WhiteTeamCountry "ENG"]
[BlackTeamCountry "ENG"]

1. e4 d6 2. d4 Nf6 3. Nc3 e5 4. Nf3 Nbd7 5. Bc4 Be7 6. 0-0 0-0 7. a4 c6 8. Qe2 h6 9. Rd1 Qc7 10. dxe5 Nxe5 11. Nxe5 dxe5 12. h3 Bb4 13. Na2 Bd6 14. c3 a5 15. f3 Nh5 16. Be3 Nf4 17. Qf2 Be6 18. Bxe6 Nxe6 19. Nc1 f5 20. Qc2 f4 21. Bf2 Bc5 22. Qb3 Bxf2+ 23. Kxf2 Rfe8 24. Nd3 Kh7 25. Rd2 Rad8 26. Rad1 Rxd3 27. Rxd3 Nc5 28. Qc2 Nxd3+ 29. Rxd3 Rd8 30. Rxd8 1/2-1/2

[Event "BCF-chT2 1011 (4NCL)"]
[Site "England"]
[Date "2011.03.26"]
[Round "7.74"]
[White "Stewart, Joseph"]
[Black "Frostick, Clive A"]
[Result "1/2-1/2"]
[WhiteElo "2082"]
[BlackElo "2162"]
[PlyCount "91"]
[EventDate "2010.11.06"]
[EventType "team-swiss"]
[EventRounds "11"]
[EventCountry "ENG"]
[SourceTitle "EXT 2012"]
[Source "ChessBase"]
[SourceDate "2011.11.24"]
[SourceVersion "1"]
[SourceVersionDate "2011.11.24"]
[SourceQuality "1"]
[WhiteTeam "Bristol"]
[BlackTeam "AMCA Dragons"]
[WhiteTeamCountry "ENG"]
[BlackTeamCountry "ENG"]

1. e4 c5 2. Nf3 Nf6 3. Nc3 Nc6 4. d4 d5 5. exd5 Nxd5 6. Nxd5 Qxd5 7. Be3 cxd4 8. Nxd4 Bd7 9. c4 Qa5+ 10. Qd2 Qxd2+ 11. Kxd2 e5 12. Nxc6 Bxc6 13. f3 Bb4+ 14. Kc2 Ke7 15. Bd3 b6 16. a3 Bd6 17. Rhe1 f6 18. b4 Rac8 19. Kb3 Bd7 20. Rac1 Be6 21. Kb2 Rhd8 22. Red1 g6 23. h3 Kf7 24. Be2 Rd7 25. c5 bxc5 26. Bxc5 Bxc5 27. Rxd7+ Bxd7 28. bxc5 Be6 29. Bc4 Bxc4 30. Rxc4 Ke6 31. Ra4 Rc7 32. Ra6+ Kd5 33. Rxf6 Kxc5 34. Kc3 Kd5+ 35. Kd3 Rb7 36. Ra6 Rb3+ 37. Kc2 Rb7 38. Kc3 Rc7+ 39. Kd3 Rd7 40. Ke3 Rc7 41. Kd3 Rd7 42. Ra5+ Ke6+ 43. Ke3 Rc7 44. g4 Rc3+ 45. Ke2 e4 46. fxe4 1/2-1/2

[Event "BCF-chT2 1011 (4NCL)"]
[Site "England"]
[Date "2010.11.07"]
[Round "2.75"]
[White "Stewart, Joseph"]
[Black "Yeo, Gareth"]
[Result "1-0"]
[WhiteElo "2082"]
[BlackElo "2003"]
[PlyCount "114"]
[EventDate "2010.11.06"]
[EventType "team-swiss"]
[EventRounds "11"]
[EventCountry "ENG"]
[SourceTitle "EXT 2012"]
[Source "ChessBase"]
[SourceDate "2011.11.24"]
[SourceVersion "1"]
[SourceVersionDate "2011.11.24"]
[SourceQuality "1"]
[WhiteTeam "Bristol"]
[BlackTeam "Sambuca Black Sheep"]
[WhiteTeamCountry "ENG"]
[BlackTeamCountry "ENG"]

1. e4 c5 2. Nf3 e6 3. Qe2 b6 4. g3 Bb7 5. Bg2 d5 6. exd5 Bxd5 7. 0-0 Nf6 8. Rd1 Nbd7 9. Nc3 Bc6 10. d4 cxd4 11. Nxd4 Bxg2 12. Kxg2 Qc7 13. Ncb5 Qb7+ 14. f3 Be7 15. Nf5 Kf8 16. Nxe7 Kxe7 17. Bf4 Kf8 18. Rd2 h6 19. Rad1 Nd5 20. Bd6+ Kg8 21. c4 N5f6 22. Be7 Nf8 23. Bxf6 gxf6 24. Nd6 Qc7 25. Qe4 Rd8 26. Qf4 f5 27. Nxf5 Rxd2+ 28. Rxd2 Qxf4 29. Ne7+ Kg7 30. gxf4 Kf6 31. Nc6 Ng6 32. Kg3 Rg8 33. Rd8 Rg7 34. Nxa7 Ne5+ 35. Kf2 Nxc4 36. b3 Na5 37. Rb8 Kf5 38. Rxb6 Nxb3 39. axb3 Kxf4 40. Nc6 e5 41. Ne7 f5 42. Ng6+ Kg5 43. Nxe5 Ra7 44. h4+ Kxh4 45. Rxh6+ Kg5 46. Rg6+ Kh5 47. Rg1 Ra2+ 48. Ke3 Rb2 49. Kf4 Kh6 50. Kxf5 Rxb3 51. f4 Rb4 52. Ng4+ Kg7 53. Kg5 Rb5+ 54. f5 Ra5 55. Rb1 Kh8 56. Kg6 Ra8 57. Nf6 Ra1 1-0

[Event "BCF-chT3 0910 (4NCL)"]
[Site "England"]
[Date "2010.01.16"]
[Round "3.6"]
[White "Buttell, David"]
[Black "Stewart, Joseph"]
[Result "1/2-1/2"]
[WhiteElo "1761"]
[BlackElo "1994"]
[PlyCount "65"]
[EventDate "2009.10.24"]
[EventType "team-tourn"]
[EventRounds "11"]
[EventCountry "ENG"]
[SourceTitle "EXT 2011"]
[Source "ChessBase"]
[SourceDate "2010.11.26"]
[SourceVersion "1"]
[SourceVersionDate "2010.11.26"]
[SourceQuality "1"]
[WhiteTeam "Celtic Tigers II"]
[BlackTeam "Bristol II"]
[WhiteTeamCountry "ENG"]
[BlackTeamCountry "ENG"]

1. d4 g6 2. c4 Bg7 3. e4 d6 4. Nc3 Nc6 5. Be3 e5 6. d5 Nce7 7. f3 f5 8. Bd3 Nf6 9. Nge2 0-0 10. Rc1 fxe4 11. Nxe4 Nf5 12. Nxf6+ Qxf6 13. Bxf5 gxf5 14. Qd2 b6 15. 0-0 Qg6 16. f4 Bd7 17. Rf3 Rf6 18. c5 Qf7 19. cxb6 cxb6 20. Rc7 Qe8 21. Rf1 Bb5 22. Re1 Bxe2 23. Rxe2 Rf7 24. Rc6 Qd7 25. Qb4 Rd8 26. Rec2 Bh6 27. Qd2 e4 28. Qc1 Qe7 29. b3 Bg7 30. Qe1 h6 31. Qg3 Kh7 32. Qf2 Qf6 33. h3 1/2-1/2

[Event "BCF-chT4 0708 (4NCL)"]
[Site "England"]
[Date "2007.11.25"]
[Round "4.1"]
[White "Stewart, Joseph"]
[Black "Haydon, David Leslie"]
[Result "0-1"]
[WhiteElo "2005"]
[BlackElo "2080"]
[PlyCount "70"]
[EventDate "2007.09.15"]
[EventType "team-swiss"]
[EventRounds "11"]
[EventCountry "ENG"]
[SourceTitle "EXT 2009"]
[Source "ChessBase"]
[SourceDate "2008.11.26"]
[SourceVersion "1"]
[SourceVersionDate "2008.11.26"]
[SourceQuality "1"]
[WhiteTeam "Littlehorpe II"]
[BlackTeam "Southern Counties Stars"]
[WhiteTeamCountry "ENG"]
[BlackTeamCountry "ENG"]

1. e4 c6 2. d4 d5 3. exd5 cxd5 4. c4 Nf6 5. Nc3 Nc6 6. h3 e6 7. Nf3 Be7 8. c5 Ne4 9. Bd3 f5 10. Bd2 0-0 11. Bb5 Bf6 12. Bxc6 bxc6 13. 0-0 Qe8 14. Bf4 Ba6 15. Re1 g5 16. Be5 g4 17. Bxf6 gxf3 18. Be5 Qg6 19. Qxf3 Ng5 20. Qd1 Nxh3+ 21. Kh2 Nxf2 22. Qf3 Ng4+ 23. Kg1 Rf7 24. Nd1 h5 25. Nf2 Raf8 26. Bd6 Re8 27. Nh3 f4 28. Nxf4 Qf6 29. Rad1 e5 30. Nxh5 Qg5 31. Qh3 Nf2 32. Qg3 Qxg3 33. Nxg3 Nxd1 34. Rxd1 exd4 35. Rxd4 Re1+ 0-1